| 000 | 00503nam a22001577a 4500 | ||
|---|---|---|---|
| 005 | 20260327100539.0 | ||
| 008 | 260327b |||||||| |||| 00| 0 eng d | ||
| 010 | _aQC21 .I34 2017Ike,Emeka .E | ||
| 020 | _a9783289526 | ||
| 100 |
_aIKE,EMEKA.E _f2017. |
||
| 245 |
_aCALCULATIONS IN UNIVERSITY PHYSICS/ _cEMEKA E.IKE. |
||
| 250 |
_a1st.ed _bRevised 2017. |
||
| 260 |
_aRukuba road, Jos. _bEnic Educational Consultants _c2017 |
||
| 300 |
_axi; 419. _bincluding graphical tables and illus _c21cm. |
||
| 942 | _2lcc | ||
| 999 |
_c204 _d204 |
||